000 00572nam a22001937a 4500
005 20130607111008.0
010 _aENG-107339
020 _a9789382601012
_c250.00
035 _aEN-90872
037 _bDBAD/PUB
082 _a510.76
100 _aRoyal, Brandon
245 _aReasoning with numbers /
_cby Brandon Royal
260 _aGreater Noida
_beVookz Learning Solution
_c2010
270 _a10, Parshwanath Edens, Sec-Alpha-II
_bGreater Noida
_e110091
300 _a148p.
_c22cm(pbk)
500 _aIncludes index
942 _2ddc
_cEN
_mROY
_h510.76
999 _c76094
_d76094